Lejonvarn and another v Cromwell Mansions Management Co Ltd (Record no. 84125)

MARC details
000 -LEADER
fixed length control field 01064cab a22001935a 4500
001 - CONTROL NUMBER
control field L156696
008 - FIXED-LENGTH DATA ELEMENTS--GENERAL INFORMATION
fixed length control field 120626e2012 xxk 000 0 eng d
035 ## - SYSTEM CONTROL NUMBER
System control number (Sirsi) u156696
041 0# - LANGUAGE CODE
Language code of text/sound track or separate title eng
245 00 - TITLE STATEMENT
Title Lejonvarn and another v Cromwell Mansions Management Co Ltd
260 ## - PUBLICATION, DISTRIBUTION, ETC.
Date of publication, distribution, etc. 2012
490 ## - SERIES STATEMENT
Series statement Estates Gazette
Volume/sequential designation [2012] 25 EG 90-93(4)
520 ## - SUMMARY, ETC.
Summary, etc. [2011] EWHC 3838 (Ch), 24 November 2011. Leaseholders (L) occupied a flat spread over the ground floor and basement of a building and with two flats above which had been converted from a single dwelling. L's proposal to excavate soil beneath the flat to create an additional lower floor refused consent by freeholder (C). L contended that the demise included the subsoil either as a matter of construction of terms of the lease or by way of a legal presumption. Held: terms of lease excluded any rights in the subsoil and the presumption did not apply.
590 ## - LOCAL NOTE (RLIN)
Local note KA
651 #4 - SUBJECT ADDED ENTRY--GEOGRAPHIC NAME
Geographic name England and Wales
Chronological subdivision 1543-
690 ## - LOCAL SUBJECT ADDED ENTRY--TOPICAL TERM (OCLC, RLIN)
Topical term or geographic name as entry element Landlord and tenant
9 (RLIN) 6252
690 ## - LOCAL SUBJECT ADDED ENTRY--TOPICAL TERM (OCLC, RLIN)
Topical term or geographic name as entry element Residential property
9 (RLIN) 6266
942 ## - ADDED ENTRY ELEMENTS (KOHA)
Suppress in OPAC 0
Holdings
Withdrawn status Lost status Source of classification or shelving scheme Damaged status Not for loan Home library Current library Shelving location Date acquired Total Checkouts Full call number Barcode Date last seen Copy number Price effective from Koha item type
    Dewey Decimal Classification     London London Journal article 26/06/2012   L156696 156696-1001 06/08/2019 1 06/08/2019 Journal article